Normal view
MARC view
- Bruce, Richard Isaac
Entry Personal Name
001 - CONTROL NUMBER
- control field: 50321
003 - CONTROL NUMBER IDENTIFIER
- control field: NUST
005 - DATE AND TIME OF LATEST TRANSACTION
- control field: 20210314134604.0
008 - FIXED-LENGTH DATA ELEMENTS
- fixed length control field: 210314|| aca||aabn | a|a d
040 ## - CATALOGING SOURCE
- Original cataloging agency: NUST
- Transcribing agency: NUST
100 ## - HEADING--PERSONAL NAME
- Personal name: Bruce, Richard Isaac
670 ## - SOURCE DATA FOUND
- Source citation: Work cat.: (NUST): Bruce, Richard Isaac., The forward policy and its results, 1900.
